书目信息 |
| 题名: |
数字通信原理与技术
|
|
| 作者: | 王兴亮 , 寇媛媛 主编 | |
| 分册: | ||
| 出版信息: | 西安 西北电子科技大学出版社 2016.06 |
|
| 页数: | 330页 | |
| 开本: | 20cm | |
| 丛书名: | ||
| 单 册: | ||
| 中图分类: | TN914.3-43 | |
| 科图分类: | ||
| 主题词: | 通信系统 | |
| 电子资源: | ||
| ISBN: | 978-7-5606-4107-2 | |
| 000 | 00677nam0 2200217 45 | |
| 001 | 2030289046 | |
| 005 | 20201103082548.26 | |
| 010 | @a978-7-5606-4107-2@dRMB 44.00 | |
| 100 | @a20201103d2016 km y0chiy0120 ea | |
| 101 | 0 | @achi |
| 102 | @aCN@b610000 | |
| 200 | 1 | @a数字通信原理与技术@Ashu zi tong xin yuan li yu ji shu@f王兴亮, 寇媛媛主编@Fwang xing liang,kou yuan yuan zhu bian |
| 205 | @a4版 | |
| 210 | @a西安@c西北电子科技大学出版社@d2016.06 | |
| 215 | @a330页@d20cm | |
| 606 | 0 | @a通信系统 |
| 690 | @aTN914.3-43@v4 | |
| 701 | 0 | @a王兴亮@Awang xing liang@4主编 |
| 701 | 0 | @a寇媛媛@Akou yuan yuan@4主编 |
| 801 | 0 | @aCN@bPFT@c20201103 |
| 905 | @a10447@dTN914.3-43@eW393=4 | |
| 数字通信原理与技术/王兴亮, 寇媛媛主编.-4版.-西安:西北电子科技大学出版社,2016.06 |
| 330页;20cm |
| ISBN 978-7-5606-4107-2:RMB 44.00 |
| ● |
| 相关链接 |
|
|
|
正题名:数字通信原理与技术
索取号:TN914.3-43/W393=4
 
预约/预借
| 序号 | 登录号 | 条形码 | 馆藏地/架位号 | 状态 | 备注 |
| 1 | 1501879 | 215018790 | 自科库301/301自科库 37排4列4层/ [索取号:TN914.3-43/W393=4] | 在馆 |